| 000 | 00792cam a22002414a 4500 | ||
|---|---|---|---|
| 001 | 16130804 | ||
| 003 | ARRUPE | ||
| 005 | 20150422020007.0 | ||
| 008 | 100311s2010 nju b 000 0 eng | ||
| 010 | _a 2010010295 | ||
| 020 | _a9781587680601 (alk. paper) | ||
| 040 |
_aDLC _cDLC |
||
| 050 | 0 | 0 |
_aBV4909 _b.L47 2010 |
| 100 | 1 |
_aLeonard, Richard, _d1963- _93735 |
|
| 245 | 1 | 0 |
_aWhere the hell is God? / _cRichard Leonard. |
| 260 |
_aMahwah, N.J. : _bHiddenSpring, _cc2010. |
||
| 300 |
_axvii, 69 p. ; _c21 cm. |
||
| 504 | _aIncludes bibliographical references (p. 69). | ||
| 650 | 0 |
_aSuffering _xReligious aspects _xChristianity. _93736 |
|
| 906 |
_a7 _bcbc _corignew _d1 _eecip _f20 _gy-gencatlg |
||
| 942 |
_2lcc _cMONOGRAPH _01 |
||
| 999 |
_c118656 _d118656 |
||